<?xml version="1.0" encoding="UTF-8"?><?xml-stylesheet type="text/xsl" href="static/style.xsl"?><OAI-PMH xmlns="http://www.openarchives.org/OAI/2.0/" xmlns:xsi="http://www.w3.org/2001/XMLSchema-instance" xsi:schemaLocation="http://www.openarchives.org/OAI/2.0/ http://www.openarchives.org/OAI/2.0/OAI-PMH.xsd"><responseDate>2026-04-27T19:53:09Z</responseDate><request verb="GetRecord" identifier="oai:uvadoc.uva.es:10324/51208" metadataPrefix="marc">https://uvadoc.uva.es/oai/request</request><GetRecord><record><header><identifier>oai:uvadoc.uva.es:10324/51208</identifier><datestamp>2022-01-11T21:50:48Z</datestamp><setSpec>com_10324_38</setSpec><setSpec>col_10324_852</setSpec></header><metadata><record xmlns="http://www.loc.gov/MARC21/slim" xmlns:doc="http://www.lyncode.com/xoai" xmlns:xsi="http://www.w3.org/2001/XMLSchema-instance" xmlns:dcterms="http://purl.org/dc/terms/" xsi:schemaLocation="http://www.loc.gov/MARC21/slim http://www.loc.gov/standards/marcxml/schema/MARC21slim.xsd">
<leader>00925njm 22002777a 4500</leader>
<datafield tag="042" ind1=" " ind2=" ">
<subfield code="a">dc</subfield>
</datafield>
<datafield tag="720" ind1=" " ind2=" ">
<subfield code="a">Soto Gutiérrez, Irene</subfield>
<subfield code="e">author</subfield>
</datafield>
<datafield tag="260" ind1=" " ind2=" ">
<subfield code="c">2021</subfield>
</datafield>
<datafield tag="520" ind1=" " ind2=" ">
<subfield code="a">Los cortometrajes de Disney en la Segunda Guerra Mundial fueron una de las&#xd;
principales fuentes de propaganda del gobierno de Estados Unidos para convencer a la&#xd;
población de participar en la guerra y mantener sus esfuerzos, así como para entretener a&#xd;
los espectadores. Esta investigación intenta averiguar la estrategia propagandística de los&#xd;
cortometrajes de Disney en la Segunda Guerra Mundial entre 1941 y 1945. Para ello, se&#xd;
plantea un análisis de contenido cualitativo para entender en profundidad este hecho, así&#xd;
como la realización de unas fichas técnicas de cada uno de los cortometrajes.</subfield>
</datafield>
<datafield tag="520" ind1=" " ind2=" ">
<subfield code="a">Disney short-films in World War II were one of the main sources of&#xd;
propaganda for the United States government to convince the population to participate in&#xd;
the war and maintain their efforts, as well as to entertain viewers. This research tries to&#xd;
find out the propaganda strategy of Disney short-films in World War II between 1941 and&#xd;
1945. To do this, a qualitative content analysis is proposed to understand this fact in depth,&#xd;
as well as the production of technical sheets of each one of short-films.</subfield>
</datafield>
<datafield tag="024" ind2=" " ind1="8">
<subfield code="a">https://uvadoc.uva.es/handle/10324/51208</subfield>
</datafield>
<datafield tag="245" ind1="0" ind2="0">
<subfield code="a">Los cortos de Disney en la Segunda Guerra Mundial</subfield>
</datafield>
</record></metadata></record></GetRecord></OAI-PMH>